000
00343 a2200157 4500
001
56818
020
_a
8532210201
040
_c
Anchieta - Pituba
100
_a
Gomes, Álvaro Cardoso
240
1
0
_a
Ladrões de tênis
_l
por
245
1
0
_a
Ladrões de tênis
300
_a
116
362
0
_a
1993
650
4
_a
Literatura juvenil
942
_c
BK
999
_c
56818
_d
56818